Представление документа в формате RUSMARC

ПолеНазваниеЗначение
  Тип записи a
  Библиографический уровень a
001 Контрольный номер UONB/MAIN/6b702080f071431c9412de6c1979e53e
005 Дата корректировки 20260403125725.6
100 Данные общей обработки __
a Данные общей обработки 20260403 ||| 0rusy0189 ca
101 Язык документа 0_
a Язык текста rus
102 Страна публикации __
a Страна публикации RU
200 Заглавие и сведения об ответственности 1_
a Заглавие Китель на хрупких плечах
f Первые сведения об ответственности А. Творогов
203 Вид содержания и тип средства __
a Вид содержания Текст
b Характеристика содержания визуальный
c Тип средства непосредственный
215 Физическое описание __
c Иллюстрации/тип воспроизводства ил., фот.
330 Аннотация __
a Аннотация Мероприятия, дела по сохранению памяти, увековечению имён героически погибших участников СВО их матерями, женами в Ульяновской области.
461 Уровень набора _0
1 2000
a Мелекесские вести
463 Уровень физической единицы _0
1 2000
a № 10 (13239) (6 марта)
v С. 5
1 2101
d 2026
1 001UONB/MAIN/9df573a56a33423c9087d44020b16d05
600 Персоналии _1
a Персоналии (Фамилия) Шишкова
b Персоналии (Имя, инициалы) А. В.
g Полное имя Алла Вадимовна
600 Персоналии _1
a Персоналии (Фамилия) Шишков
b Персоналии (Имя, инициалы) А.
g Полное имя Александр
600 Персоналии _1
a Персоналии (Фамилия) Кипчатова
b Персоналии (Имя, инициалы) А.
g Полное имя Альбина
600 Персоналии _1
a Персоналии (Фамилия) Кипчатов
b Персоналии (Имя, инициалы) Т.
g Полное имя Тимур
600 Персоналии _1
a Персоналии (Фамилия) Гуменюк
b Персоналии (Имя, инициалы) О.
g Полное имя Ольга
600 Персоналии _1
a Персоналии (Фамилия) Гуменюк
b Персоналии (Имя, инициалы) А.
g Полное имя Андрей
600 Персоналии _1
a Персоналии (Фамилия) Журенко
b Персоналии (Имя, инициалы) М.
g Полное имя Маргарита
600 Персоналии _1
a Персоналии (Фамилия) Журенко
b Персоналии (Имя, инициалы) Д.
g Полное имя Денис
607 Географические рубрики __
a Географическое наименование Ульяновская область
610 Ключевые слова 0_
a Ключевые слова увековечение памяти; участники СВО; погибшие при исполнении воинского долга; матери; вдовы участников СВО; герои СВО
686 Индексы других классификаций __
a Классификационный индекс 68
700 Автор _1
a Фамилия Творогов
b Имя (инициалы) А.
g Полное личное имя Андрей
801 Источник записи _0
a Страна RU
b Организация Ульяновская ОНБ
c Дата составления 20260403
g Правила каталогизации RCR
801 Источник записи _1
a Страна RU
b Организация Ульяновская ОНБ
c Дата составления 20260403
g Правила каталогизации RCR
901 Тип документа __
t Тип документа f
w Контрольный № источника UONB/MAIN/9df573a56a33423c9087d44020b16d05
909 Создатель записи __
a Создатель записи Кулагина
b Дата создания записи 20260403